LEADER 01145nam a2200265 i 4500 001 000000057326 003 CaOOAMICUS 005 20101119000000.0 008 101119s1997 it u000 u ita u 013 $a28498 020 $a88-7023-238-7 040 $aSeMil$bita 100 1 $aMajo, Angelo Giuseppe,$c.$0(OLS)http://semarc/name/3746 245 10$aMonsignor Giuseppe Bicchierai :$bappunti per una biografia /$cAngelo Majo, Erio Marchisio. 260 $aMilano :$bNED,$ccopyr. 1997. 300 $a105 p., [2] p. di tav. ;$c21 cm. 500 $aDono di mons. Antonio Rimoldi. 600 14$aBicchierai, Giuseppe .$0(OLS)http://semarc/subject/11558 700 1 $aMarchisio, Erio.$0(OLS)http://semarc/name/29122 850 $aSeMil 852 $aSeMil$W1$xVenegono$y1$m3J I 309$j23480$B23480$CSeMilBibl$Z2$F23482 $81 961 $aOmaggio: Rimoldi mons. Antonio 996 $6020$a88-7023-238-7$9(OLS)http://semarc/number/32638 996 $6245$aMonsignor Giuseppe Bicchierai :$bappunti per una biografia$9(OLS)http://semarc/title/89210 996 $6260$aMilano :$bNED$9(OLS)http://semarc/publisher/30187 LEADER 00981nam a2200241 i 4500 001 000000076182 003 CaOOAMICUS 005 20240408113400.0 008 071029s1940 it u000 u ita u 013 $a47354 040 $aSeMil$bita 100 1 $aPea, Enrico <1881-1958>.$0(OLS)http://semarc/name/28960 245 13$aLa passione di Cristo. L'anello del parente folle /$cEnrico Pea. 260 $aBrescia :$bMorcelliana,$ccopyr. 1940. 300 $a163 p. ;$c20 cm. 490 0 $aConfidenziali : candidior interius 650 4$aGesł Cristo - Passione - Opere teatrali.$0(OLS)http://semarc/subject/15556 830 0$aConfidenziali.$0(OLS)http://semarc/title/20003 850 $aSeMil 852 $aSeMil$W1$xVenegono$y1$m1I IV 35$j42334$B42334$CSeMilBibl$Z2$F42338 $81 996 $6245$aLa passione di Cristo. L'anello del parente folle$9(OLS)http://semarc/title/123469 996 $6260$aBrescia :$bMorcelliana$9(OLS)http://semarc/publisher/29629